<?xml version="1.0" encoding="UTF-8"?>
<record
    xmlns:xsi="http://www.w3.org/2001/XMLSchema-instance"
    xsi:schemaLocation="http://www.loc.gov/MARC21/slim http://www.loc.gov/standards/marcxml/schema/MARC21slim.xsd"
    xmlns="http://www.loc.gov/MARC21/slim">

  <leader>01932nam a22002777a 4500</leader>
  <datafield tag="999" ind1=" " ind2=" ">
    <subfield code="c">21941</subfield>
    <subfield code="d">21941</subfield>
  </datafield>
  <controlfield tag="003">AR-CdUCM</controlfield>
  <controlfield tag="008">190425b           ||||| |||| 00| 0 spa d</controlfield>
  <datafield tag="040" ind1=" " ind2=" ">
    <subfield code="a">MUNICIPALIDAD PROVINCIAL DEL CUSCO</subfield>
    <subfield code="c">BIBLIOTECA MUNICIPAL DEL CUSCO</subfield>
  </datafield>
  <datafield tag="082" ind1=" " ind2=" ">
    <subfield code="a">Rev.Anto/N&#xB0;109/2006</subfield>
  </datafield>
  <datafield tag="110" ind1=" " ind2=" ">
    <subfield code="a">Universidad Nacional de San Antonio Abad del Cusco</subfield>
    <subfield code="9">15942</subfield>
  </datafield>
  <datafield tag="245" ind1=" " ind2=" ">
    <subfield code="a">El Antoniano :</subfield>
    <subfield code="b">Revista cient&#xED;fico cultural de la Universidad Nacional de San Antonio Abad del Cusco /</subfield>
    <subfield code="c">Hugo Bonet Rodr&#xED;guez, director</subfield>
  </datafield>
  <datafield tag="260" ind1=" " ind2=" ">
    <subfield code="a">Cusco :</subfield>
    <subfield code="b">UNSAAC,</subfield>
    <subfield code="c">2006.</subfield>
  </datafield>
  <datafield tag="300" ind1=" " ind2=" ">
    <subfield code="a">139 p&#xE1;ginas. :</subfield>
    <subfield code="b">ilustraciones ;</subfield>
    <subfield code="c">29 cm.</subfield>
  </datafield>
  <datafield tag="440" ind1=" " ind2=" ">
    <subfield code="a">El Antononiano.</subfield>
    <subfield code="n">A&#xF1;o 16, N&#xB0;109, abril-mayo 2006.</subfield>
    <subfield code="9">46950</subfield>
  </datafield>
  <datafield tag="505" ind1=" " ind2=" ">
    <subfield code="a">Contenido: La cultura quechua. Jorge Flores Ochoa. -- Entre el tiempo y el espacio historia y educaci&#xF3;n del colegio San Francisco de Borja del Cuzco. Manuel Gamarra Moscoso. -- Cuando la vida era intercambio supervivencias del trueque en el Cusco. Roberto Ojeda Escalante. -- La Geograf&#xED;a en el Arte. Jaime Samata Asturima. -- La trascendencia del Indigenismo con Jos&#xE9; Uriel Garc&#xED;a. Maxwell Samuel Rado Cuchills. -- Gauss el pr&#xED;ncipe de las matem&#xE1;ticas. Abel Arce Carrasco. -- Conservaci&#xF3;n preventiva del acervo cultural en soporte papel. Teresa de Jes&#xFA;s D&#xED;az Vera. -- Neruda, Bingham y Machupicchu. Jos&#xE9; Luis Ayala. -- Wirakocha una metahistoria. Rub&#xE9;n Pilares Villa. -- Procuradores patrimonio turismo y recuperaci&#xF3;n. Mario Castillo Centeno. -- Evaluaci&#xF3;n de da&#xF1;os producidos en las construcciones de adobe.  Pio Luna C&#xE1;ceres...</subfield>
  </datafield>
  <datafield tag="650" ind1=" " ind2=" ">
    <subfield code="a">Folklore cusque&#xF1;o</subfield>
    <subfield code="9">8693</subfield>
  </datafield>
  <datafield tag="650" ind1=" " ind2=" ">
    <subfield code="a">Identidad cultural</subfield>
    <subfield code="9">2943</subfield>
  </datafield>
  <datafield tag="650" ind1=" " ind2=" ">
    <subfield code="a">Inkas</subfield>
    <subfield code="9">1899</subfield>
  </datafield>
  <datafield tag="650" ind1=" " ind2=" ">
    <subfield code="a">Antropolog&#xED;a cusque&#xF1;a</subfield>
    <subfield code="9">45862</subfield>
  </datafield>
  <datafield tag="700" ind1=" " ind2=" ">
    <subfield code="a">Flores Ochoa, Jorge</subfield>
    <subfield code="9">2915</subfield>
  </datafield>
  <datafield tag="700" ind1=" " ind2=" ">
    <subfield code="a">Pilares Villa, Rub&#xE9;n</subfield>
    <subfield code="9">46820</subfield>
  </datafield>
  <datafield tag="710" ind1=" " ind2=" ">
    <subfield code="a">Universidad Nacional de San Antonio Abad del Cusco</subfield>
    <subfield code="9">15942</subfield>
  </datafield>
  <datafield tag="942" ind1=" " ind2=" ">
    <subfield code="2">ddc</subfield>
    <subfield code="c">PP</subfield>
  </datafield>
  <datafield tag="945" ind1=" " ind2=" ">
    <subfield code="a">rac</subfield>
  </datafield>
  <datafield tag="952" ind1=" " ind2=" ">
    <subfield code="0">0</subfield>
    <subfield code="2">ddc</subfield>
    <subfield code="4">0</subfield>
    <subfield code="7">0</subfield>
    <subfield code="a">HEM</subfield>
    <subfield code="b">HEM</subfield>
    <subfield code="c">CART</subfield>
    <subfield code="d">2022-01-12</subfield>
    <subfield code="g">10.00</subfield>
    <subfield code="o">Rev.Anto/N&#xB0;109/2006</subfield>
    <subfield code="p">REVC000455</subfield>
    <subfield code="r">2022-01-12</subfield>
    <subfield code="y">PP</subfield>
  </datafield>
  <datafield tag="952" ind1=" " ind2=" ">
    <subfield code="0">0</subfield>
    <subfield code="2">ddc</subfield>
    <subfield code="4">0</subfield>
    <subfield code="7">0</subfield>
    <subfield code="a">HEM</subfield>
    <subfield code="b">HEM</subfield>
    <subfield code="c">CART</subfield>
    <subfield code="d">2022-01-12</subfield>
    <subfield code="e">Donaci&#xF3;n</subfield>
    <subfield code="g">10.00</subfield>
    <subfield code="o">Rev.Anto/N&#xB0;109/2006/e.2</subfield>
    <subfield code="p">REVC000664</subfield>
    <subfield code="r">2022-04-21</subfield>
    <subfield code="y">PP</subfield>
  </datafield>
</record>
